| 000 | 00432nam a2200145 a 4500 | ||
|---|---|---|---|
| 001 | 000033373 | ||
| 005 | 20200930070220.0 | ||
| 008 | 110825s1975 dr a 000 0 spa d | ||
| 040 |
_aDO-SdBNP _bspa _cBNPHU |
||
| 082 |
_axxx _bC394 |
||
| 245 | 0 | 0 |
_aCemies / _cintroducción José A. Caro Álvarez. |
| 260 |
_aSanto Domingo : _bTaller, _c1975. |
||
| 300 |
_a[38 p.] : _bil. ; _c22 cm. |
||
| 700 | 1 |
_aCaro Álvarez, José A., _eintrod. _937866 |
|
| 999 |
_c32864 _d32864 |
||